书目信息 |
| 题名: |
白痴
|
|
| 作者: | 陀思妥耶夫斯基 , Достоевский 著 ;荣如德 译 | |
| 分册: | ||
| 出版信息: | 上海 上海译文出版社 1991.7 |
|
| 页数: | 564页 | |
| 开本: | 19cm | |
| 丛书名: | 世界文学名著普及本 | |
| 单 册: | ||
| 中图分类: | I512.4 | |
| 科图分类: | 47.2752 | |
| 主题词: | 长篇小说--苏联--近代 | |
| 电子资源: | ||
| ISBN: | 7-5327-1089-0 | |
| 000 | 01032nam2 2200313 45 | |
| 001 | 1232628047 | |
| 005 | 20121012090745.26 | |
| 010 | @a7-5327-1089-0@dCNY8.20 | |
| 100 | @a19920318d1991 em y0chiy0121 ea | |
| 101 | 1 | @achi@crus |
| 102 | @aCN@b310000 | |
| 105 | @ay z 000ay | |
| 200 | 10 | @a白痴@ABAI CHI@f(俄)陀思妥耶夫斯基(Достоевский,Ф.М.)著@F( E ) TUO SI TUO YE FU SI JI (Достоевский,Ф.М.) ZHU@g荣如德译 |
| 210 | @a上海@c上海译文出版社@d1991.7 | |
| 215 | @a564页@d19cm | |
| 225 | 2 | @a世界文学名著普及本@e全译本 |
| 300 | @a书名原文:Идиот | |
| 300 | @a据苏联文艺出版社1957年版译出 | |
| 410 | 0 | @120010@a世界文学名著普及本 |
| 510 | 1 | @aИдиот@zrus |
| 540 | 1 | @a白痴@ABAI CHI |
| 606 | 0 | @a长篇小说@y苏联@z近代 |
| 690 | @aI512.4@v三版 | |
| 692 | @a47.2752 | |
| 701 | 1 | @a陀思妥耶夫斯基@ATUO SI TUO YE FU SI JI@bФ.М.@4著 |
| 701 | A1 | @aДостоевский@bф.М.@4著 |
| 702 | 0 | @a荣如德@ARONG RU DE@4译 |
| 801 | 0 | @aCN@bTSSF@c19920318 |
| 905 | @a10447@dI512.4@eJY146 | |
| 白痴/(俄)陀思妥耶夫斯基(Достоевский,Ф.М.)著/荣如德译.-上海:上海译文出版社,1991.7 |
| 564页;19cm.-(世界文学名著普及本:全译本) |
| 书名原文:Идиот.-据苏联文艺出版社1957年版译出 |
| ISBN 7-5327-1089-0:CNY8.20 |
| ● |
| 相关链接 |
|
|
|
|
正题名:白痴
索取号:I512.4/JY146
 
预约/预借
| 序号 | 登录号 | 条形码 | 馆藏地/架位号 | 状态 | 备注 |
| 1 | 7815129 | 278151296 | 学院路分馆/ [索取号:I512.4/JY146] | 在馆 | |
| 2 | 7815130 | 278151303 | 学院路分馆/ [索取号:I512.4/JY146] | 在馆 | |
| 3 | 7815131 | 278151312 | 学院路分馆/ [索取号:I512.4/JY146] | 在馆 | |
| 4 | 7815132 | 278151321 | 学院路分馆/ [索取号:I512.4/JY146] | 在馆 |